000 00938pam a2200313 a 4500
999 _c1696
_d1696
001 016077449
003 Uk
005 20230120103043.0
008 120425s2012 enka j 000 1 eng d
015 _aGBB243042
_2bnb
016 7 _a016077449
_2Uk
020 _a9781780550756 (pbk.) :
040 _aStDuBDS
_beng
_cStDuBDS
_dUk
_dKH8
042 _aukblcatcopy
082 0 4 _a823.92 SAD
_223
100 1 _aSaddlewick, A. B.
_eauthor
245 1 0 _aSchool scare /
_cA.B. Saddlewick.
260 _aLondon :
_bBuster,
_c2012.
300 _a125 p. :
_bill. ;
_c20 cm.
336 _atext
_2rdacontent
337 _aunmediated
_2rdamedia
338 _avolume
_2rdacarrier
490 0 _aMonstrous Maud
500 _aIncludes QR code.
650 0 _aMonstrous Maud (Fictitious character)
_vJuvenile fiction.
650 0 _aRotwood Middle School (Imaginary organization)
_vJuvenile fiction.
655 0 _aChildren's stories.
942 _2ddc
_cNFIC